000 00531nam a22001817a 4500
005 20241105114207.0
008 241105b |||||||| |||| 00| 0 eng d
020 _a9780781727594
050 _aRT120.
_bI5C744 CRI
245 _aCritical care nursing;
_bA holistic approach
250 _a8th
260 _aPhiladelphia
_bLippincott
_cc2005
300 _axxxii,1376p
_bill,col,pic.;
500 _aIncludes Index, Appendix
700 _aEdited by Morton, Patricia Gonce
700 _aFontaine K. Dorrie {et...al}
942 _2lcc
_cBK
_n0
999 _c624
_d624